| 000 | 00617nam a22002297a 4500 | ||
|---|---|---|---|
| 003 | UA-OsUOA | ||
| 001 | 92651 | ||
| 007 | ta | ||
| 008 | 20121221b un ||||| |||| 00| 0 ukr d | ||
| 100 | _aБриль Я. | ||
| 090 |
_a821.161.2 _bБ87 |
||
| 942 | _cBK | ||
| 040 |
_aUA-OsUOA _bukr _cUA-OsUOA _dUA-OsUOA |
||
| 245 |
_aПтахи і гнізда _bкнига однієї молодості |
||
| 300 | _a350 с. | ||
| 955 | _a3 | ||
| 041 | _aukr | ||
| 080 | _a821.161.2 | ||
| 260 |
_aК. _bДніпро _c1968 |
||
| 650 | 7 |
_a82 Література. Літературознавство _2UDC |
|
| 999 |
_c378938 _d378938 |
||